Statistics for 4.1 Biological Molecules IGCSE biology

Click here to take the quiz!

General Stats

  • This quiz has been taken 10 times
  • The average score is 5 of 25

Answer Stats

HintAnswer% Correct
positive result for the starch testblue/black
56%
proteins are made fromamino acids
44%
negative result for benedicts testblue
44%
ethanol test is forlipids
44%
biurrets test is forproteins
33%
positive result for biurets testpurple/lilac
33%
positive result for DCPIP testcolourless
22%
how is it called when two strands are coiled togetherdouble helix
22%
test for starchiodine test
22%
DCPIP test is forvitamin c
22%
way to remember DCPIPdetermined cats poo in pools
11%
molecules made from fatty acids and glycerolfats and oils
11%
benedicts test is forglucose (reducing sugars)
11%
negative result for biurets testlight blue
11%
negative result for ethanol testno white emulsion
11%
negative result for the starch testorange brown
11%
chemical elements that make up carbsoxygen, carbon and hydrogen
11%
chemical elements that make up fatsoxygen, carbon and hydrogen
11%
chemical elements that make up proteinsoxygen, carbon, nitrogen and hydrogen
11%
negative result for DCPIP testpink or blue
11%
positive result for ethanol testwhite emulsion
11%
bases of DNAA with T and C with G
0%
what is the name of the chemicals that form the strtandsbases
0%
molecules made from glucosecellulose, glycogen and starch
0%
positive result for benedicts testgreen, yellow, orange and red percipitate
0%

Score Distribution

Percentile by Number Answered

Percent of People with Each Score

Your Score History

You have not taken this quiz